Betrayal: (Record no. 206800)

MARC details
000 -LEADER
fixed length control field 00555nam a22001937a 4500
005 - DATE AND TIME OF LATEST TRANSACTION
control field 20241120094717.0
010 ## - LCCN (DPL NO)
LC control number ENG-142430
020 ## - INTERNATIONAL STANDARD BOOK NUMBER
Terms of availability 150.00
International Standard Book Number 8187952374
035 ## - SYSTEM CONTROL NUMBER
System control number EN-125962
037 ## - SOURCE OF ACQUISITION
Source of stock number/acquisition DBAD/PUB
082 ## - DEWEY DECIMAL CLASSIFICATION NUMBER
Classification number N
100 ## - MAIN ENTRY--PERSONAL NAME
Personal name Sarah
245 ## - TITLE STATEMENT
Title Betrayal:
Remainder of title The Gift of Love/
Statement of responsibility, etc by Sarah
250 ## - EDITION STATEMENT
Edition statement 1
260 ## - PUBLICATION, DISTRIBUTION, ETC. (IMPRINT)
Place of publication, distribution, etc Kolkata
Name of publisher, distributor, etc Mark -Age Services
Date of publication, distribution, etc 2014
270 ## - ADDRESS
City Kolkata
Address G-1, Ground Floor, 334 Nath Para
Postal code 700084
Telephone number 033-24107066
-- 09433007066
Electronic mail address markage.india@gmail.com
300 ## - PHYSICAL DESCRIPTION
Extent 214p
Dimensions 21 cm(pbk)
942 ## - ADDED ENTRY ELEMENTS (KOHA)
Source of classification or shelving scheme Dewey Decimal Classification
Item type English Books
Classification part N
Call number suffix SAR
Holdings
Withdrawn status Lost status Not for loan Collection code Home library Current library Date acquired Source of acquisition Cost, normal purchase price Full call number Barcode Copy number Cost, replacement price Koha item type
      Fiction Bawana Bawana 28/10/2024 DBAD 150.00 N SAR EN-125962 1 150.00 English Books

© Delhi Public Library
Hit Counter
free hit counter